| 000 | 00865cab a2200277 4500 | ||
|---|---|---|---|
| 001 | WB2934-34 | ||
| 008 | 090401t1993 xxu||||| |||| 00| 0 eng d | ||
| 035 | _a(Sirsi) u25140 | ||
| 041 | _aeng | ||
| 245 | _aEnvironmental research | ||
| 260 | _c1993 | ||
| 350 | _a0 | ||
| 490 |
_aMAFF News Release _v(300/93) 14 September 1993 (3) |
||
| 520 | _aThe government and industrial sponsors are funding research, as part of the LINK Programme on Technologies for Sustainable Farming Systems, on the use of the whole cereal plant. | ||
| 650 | _aARABLE CROPS | ||
| 650 | _aCEREALS | ||
| 650 | _aENVIRONMENTALLY SENSITIVE FARMING | ||
| 650 | _aFARMING | ||
| 650 | _aLINK PROGRAMME | ||
| 650 | _aRESEARCH | ||
| 650 | _aSUSTAINABLE FARMING | ||
| 690 | _aENVIRONMENTAL AND LAND CONSULTANCY | ||
| 690 | _aRURAL PRACTICE | ||
| 942 | _n0 | ||
| 948 | _c04/03/1997 | ||
| 999 |
_c16865 _d16865 |
||